Literatura y valores
Este libro, recoge una investigación, en la que se pretende demostrar que, cuando se expone la literatura con una intencionalidad ética, el desarrollo moral de los niños participantes en estos encuentros se transforma evidentemente.
Guardat en:
| Autor corporatiu: | |
|---|---|
| Format: | Llibre |
| Idioma: | Spanish |
| Publicat: |
Bogotá:
IDEP,
2000
|
| Col·lecció: | Colección los libros del taller
|
| Matèries: | |
| Accés en línia: | Para acceder al PDF haga clic aquí |
| Etiquetes: |
Afegir etiqueta
Sense etiquetes, Sigues el primer a etiquetar aquest registre!
|
MARC
| LEADER | 00000nam a2200000 a 4500 | ||
|---|---|---|---|
| 001 | 001308 | ||
| 003 | OSt | ||
| 005 | 20181012091930.0 | ||
| 008 | 030729s2000 ck # fr# o000|0#spa#d | ||
| 999 | |c 3460 |d 3460 | ||
| 020 | |a 958-96432-5-6 | ||
| 040 | |c CNA-IDEP | ||
| 041 | 0 | |a spa | |
| 043 | |a s-ck--- | ||
| 082 | 0 | 4 | |a 370.114 |b T142l |
| 110 | 2 | |a Taller de Talleres (Bogotá) |9 5341 | |
| 245 | 1 | 0 | |a Literatura y valores |c Taller de Talleres |
| 260 | |a Bogotá: |b IDEP, |c 2000 | ||
| 300 | |a 147 p. | ||
| 440 | 0 | |a Colección los libros del taller |9 5342 | |
| 504 | |a Incluye bibliografía. | ||
| 520 | 3 | |a Este libro, recoge una investigación, en la que se pretende demostrar que, cuando se expone la literatura con una intencionalidad ética, el desarrollo moral de los niños participantes en estos encuentros se transforma evidentemente. | |
| 650 | 1 | 4 | |a EDUCACIÓN EN VALORES |z COLOMBIA |9 4072 |
| 650 | 1 | 4 | |a LITERATURA INFANTIL |9 5343 |
| 856 | |u http://biblioteca.idep.edu.co/libros/Literatura_y_valores.pdf |y Para acceder al PDF haga clic aquí | ||
| 942 | |2 ddc |c BK | ||